Principles of therapeutic nutrition and dietetics

Salvato in:
Dettagli Bibliografici
Autore principale: SHARMA, Avantina
Natura: Libro
Lingua:inglese
Pubblicazione: CBS Publishers & Distributors 2017
Tags: Aggiungi Tag
Nessun Tag, puoi essere il primo ad aggiungerne!!

MARC

LEADER 00000nam a22000007a 4500
008 211124b ||||| |||| 00| 0 eng d
020 |a 9789386310705 
100 |a SHARMA, Avantina 
245 |a Principles of therapeutic nutrition and dietetics  |b    |c Avantina Sharma  |g xiv, 617p. 
260 |b CBS Publishers & Distributors  |c 2017  |h New Delhi  |i 696894  |i 696895  |l RM216 .Sh2  |m  Diet therapy.  |m Dietetics. 
500 |a It includes references and index 
942 |a lcc  |c BK  |e Adeyeye Y. S.  |f 24/11/21 
952 |0 0  |1 0  |2 lcc  |4 0  |7 0  |9 3925  |a HOL  |b HOL  |c QZ  |d 2021-11-24  |o RM 216 .Sh2  |p 2021-67648  |r 2021-11-24 00:00:00  |t 696894  |w 2021-11-24  |y BK 
952 |0 0  |1 0  |2 lcc  |4 0  |6 RM0216 S H2  |7 0  |9 3926  |a HOL  |b TL  |c QZ  |d 2021-11-24  |o RM216 .Sh2  |p 2021-67649  |r 2021-11-24 00:00:00  |t 696895  |w 2021-11-24  |y BK 
999 |c 1963  |d 1963